000 01674cam a2200433 a 4500
001 22332
003 VRT
005 20260326142620.0
008 240226s1991 xo j 000 f slo
015 _aSNBA1991/11
020 _a8006003300
_q(zv. 3.)
035 _a68303F1F-CE31-4DFF-B06A-E0952430F3D6
035 _aSNK000008949
035 _aurn:nbn:sk:snk-am005bvr
035 _aurn:nbn:sk:snk-amkqs5
039 9 _a202402262112
_bVLOAD
_c202205120747
_dVLOAD
_c202003221504
_dcsnk01
_c202001261023
_dAUTHORITY
040 _aSNK
_bslo
_aSNK
_eAACR2
041 1 _aslo
_heng
044 _axo
_cSK
080 _a820 (71)-3(087.5)
_21981
100 1 _aMontgomery, Lucy Maud,
_d1874-1942
_4aut
240 1 0 _aAnne of the Island
_lSlovensky
245 1 0 _aAnna v Redmonde
_cLucy Maud Montgomeryová ; z anglického originálu Anne of the Island ... preložil Jozef Šimo ; ilustroval Jozef Trepáč
250 _a5. vyd.
260 _aBratislava
_bMladé letá
_c1991
300 _a248 s.
_c21 cm
500 _aFrontispice. Predsádky. Výslovnosť cudzích mien a názvov
521 _aPre čitateľov od 11 rokov
655 7 _adievčenské romány
_2SNKPH
655 7 _akanadské romány (anglicky)
_2SNKPH
700 1 _aŠimo, Jozef,
_d1909-1984
_4trl
700 1 _aTrepáč, Jozef,
_d1936-
_4ill
910 _asnk
942 _2ddc
_cKLDO
_n0
949 _617A0323920
_9P60, <04>, [BOOK], {604}
_asnkSC 80388 D1
_bsnkKSP 7558/91
_s6100:20140925
949 _6270001000069578
_asvkbbA 77322
_bsvkbbm 562791
_p562.791
949 _617A0946109
_asnkSC 80388
949 _6273K0532430
_asvkpoA 151749/III
_bsvkpo380210
_oPV 1489/92
_qvytrhnutý titul. list
_rvytrhnutý titul. list
999 _c22332
_d22332